Paris Gay 1925 /
保存先:
| 主要な著者: | , |
|---|---|
| フォーマット: | 図書 |
| 言語: | フランス語 |
| 出版事項: |
Paris :
Presses de la Renaissance,
1981
|
| タグ: |
タグなし, このレコードへの初めてのタグを付けませんか!
|
MARC
| LEADER | 00000nam a22000007i 4500 | ||
|---|---|---|---|
| 001 | IT\ICCU\MIL\0289529 | ||
| 003 | ItRI | ||
| 005 | 20250816191805.0 | ||
| 008 | 960527s1981 fr |||||| ||||| |||||c | ||
| 020 | |a 2856162045 | ||
| 040 | |b ita |c ct | ||
| 041 | 7 | |a fre |2 ISO-639-2 | |
| 100 | 1 | |a Barbedette, Gilles |0 IT\ICCU\MILV\164833 |4 aut | |
| 245 | 1 | 0 | |a Paris Gay 1925 / |c Gilles Barbedette et Michel Carassou. |
| 260 | |a Paris : |b Presses de la Renaissance, |c 1981 | ||
| 300 | |a 311 p., [32] p. di tav. : |b ill. ; |c 24 cm | ||
| 700 | 1 | |a Carassou, Michel |0 IT\ICCU\TO0V\077407 |4 aut | |
| 942 | |2 ddc |c BK | ||
| 952 | |0 0 |1 0 |2 ddc |4 0 |6 B_SST03BARGIPAR11 |7 0 |9 7953 |a MI |b MI |d 2014-05-26 |i 2182 |l 0 |o B-SST03-BARGI-PAR11 |p CDOM2182 |r 2025-07-13 16:28:50 |w 2025-07-13 |x ACQUISTO |y BK | ||
| 981 | 1 | |6 z01 |a i |b xxxe | |
| 982 | 1 | |6 z01 |a n | |
| 999 | |c 6618 |d 6618 | ||